Biogeographia the journal of integrative biogeography

Bibliographic Details
Previous Title:Biogeographia
Corporate Author: Società Italiana di Biogeographia
Format: Electronic Serial
Language:English
Published: [Merced, CA] : eScholarship
Subjects:
Online Access:Full text available from Research Library: 01/01/2017 to present

MARC

LEADER 00000nas a2200000 i 4500
001 ssj0002213287
003 WaSeSS
005 20200512172242.0
006 m d
007 cr n
008 161027c20169999cauuu s 0 a0eng c
010 |a  2016209814  |z  2016209811 
022 |a 2475-5257 
035 |a (WaSeSS)ssj0002213287 
037 |b http://escholarship.org/uc/biogeographia 
040 |a CUS  |b eng  |e pn  |c CUS  |d CUS  |d DLC  |d WaSeSS 
042 |a nsdp  |a pcc 
043 |a e-it--- 
050 0 0 |a QH84 
082 1 0 |a 574.9  |2 23 
210 0 |a Biogeogr.  |b (Online) 
222 0 |a Biogeographia  |b (Online) 
245 0 0 |a Biogeographia  |h [electronic resource] :  |b the journal of integrative biogeography 
246 1 |a Journal of integrative biogeography 
260 |a [Merced, CA] :  |b eScholarship 
310 |a Annual 
362 1 |a Began with volume 31 (2016) 
500 |a The journal is published on behalf of the Italian Biogeography Society by eScholarship. 
506 |a License restrictions may limit access. 
580 |a Continues the print publication published 1984-2011 by Società Italiana di Biogeographia. 
588 |a Description based on: Volume 31 (2016); title from journal home page (eScholarship, viewed October 27, 2016). 
650 0 |a Biogeography  |v Periodicals. 
650 7 |a Biogeography.  |2 fast  |0 (OCoLC)fst00832095 
651 7 |a Italy.  |2 fast  |0 (OCoLC)fst01204565 
655 0 |a Electronic journals. 
710 2 |a Società Italiana di Biogeographia. 
780 1 0 |t Biogeographia  |x 1594-7629  |w (OCoLC)23753283 
850 |a DLC 
856 4 0 |z Full text available from Research Library: 01/01/2017 to present  |u https://search.proquest.com/publication/4397045